书目信息 |
| 题名: |
外贸英语7日通
|
|
| 作者: | 王艳 编著 | |
| 分册: | ||
| 出版信息: | 北京 中国铁道出版社 2016.5 |
|
| 页数: | 356页 | |
| 开本: | 24cm | |
| 丛书名: | ||
| 单 册: | ||
| 中图分类: | F75 | |
| 科图分类: | ||
| 主题词: | 对外贸易--dui wai mao yi--英语--电报信函 , 对外贸易--dui wai mao yi--英语--口语 | |
| 电子资源: | ||
| ISBN: | 978-7-113-21098-4 | |
| 000 | 01345nam0 2200253 450 | |
| 001 | 2158043526 | |
| 005 | 20211011172911.0 | |
| 010 | @a978-7-113-21098-4@dCNY49.80 | |
| 100 | @a20200906e20202016em y0chiy50 ea | |
| 101 | 0 | @achi@aeng |
| 102 | @aCN@b110000 | |
| 105 | @aa z 000yy | |
| 106 | @ar | |
| 200 | 1 | @a外贸英语7日通@Awai mao ying yu 7ri tong@e从函电到口语快速入门@f王艳编著 |
| 210 | @a北京@c中国铁道出版社@d2016.5@h2020.9重印 | |
| 215 | @a356页@c图@d24cm | |
| 330 | @a本书共分为4个部分。第1部分(第1-3章)主要介绍“外贸业务关系的建立”,分为建立业务关系、打电话、参观拜访活动。其中重点介绍了写商务函电的技巧,如何回复往来函电,如何与客户高效电话沟通,在线Skype聊天沟通,以及如何成功安排客户的参观拜访活动等。第2部分(第4-13章)则注重“外贸英语实务操作”,包括产品、价格、佣金和折扣、付款方式、外贸合同、包装、商品检验等;外贸实际工作的各个环节的问题。第3部分(第14章)为“外贸交易磋商”,包括询盘、发盘、还盘和接受四个环节。第4部分(第15章)介绍“代理贸易方式”,对市场上的常见代理,例如总代理、独家代理、佣金代理等进行了介绍。 | |
| 517 | 1 | @a从函电到口语快速入门@Acong han dian dao kou yu kuai su ru men |
| 606 | 0 | @a对外贸易@Adui wai mao yi@x英语@x电报信函 |
| 606 | 0 | @a对外贸易@Adui wai mao yi@x英语@x口语 |
| 690 | @aF75@v5 | |
| 701 | 0 | @a王艳@Awang yan@4编著 |
| 801 | 0 | @aCN@b百万庄@c20211007 |
| 905 | @b1307157-160@dF75@e66@f4 | |
| 外贸英语7日通:从函电到口语快速入门/王艳编著.-北京:中国铁道出版社,2016.5(2020.9重印) |
| 356页:图;24cm |
| ISBN 978-7-113-21098-4:CNY49.80 |
| 本书共分为4个部分。第1部分(第1-3章)主要介绍“外贸业务关系的建立”,分为建立业务关系、打电话、参观拜访活动。其中重点介绍了写商务函电的技巧,如何回复往来函电,如何与客户高效电话沟通,在线Skype聊天沟通,以及如何成功安排客户的参观拜访活动等。第2部分(第4-13章)则注重“外贸英语实务操作”,包括产品、价格、佣金和折扣、付款方式、外贸合同、包装、商品检验等;外贸实际工作的各个环节的问题。第3部分(第14章)为“外贸交易磋商”,包括询盘、发盘、还盘和接受四个环节。第4部分(第15章)介绍“代理贸易方式”,对市场上的常见代理,例如总代理、独家代理、佣金代理等进行了介绍。 |
| ● |
| 相关链接 |
|
|
|
|
正题名:外贸英语7日通
索取号:F75/66
 
预约/预借
| 序号 | 登录号 | 条形码 | 馆藏地/架位号 | 状态 | 备注 |
| 1 | 1307157 | 213071575 | 第一样本阅览室/ [索取号:F75/66] | 在馆 | |
| 2 | 1307158 | 213071584 | 第一借阅区/ [索取号:F75/66] | 在馆 | |
| 3 | 1307159 | 213071593 | 第一借阅区/ [索取号:F75/66] | 在馆 | |
| 4 | 1307160 | 213071600 | 第一借阅区/ [索取号:F75/66] | 在馆 |